000 00402nam a2200145 a 4500
001 000033442
005 20200930070248.0
008 110829s1933 cu 000 0 spa d
040 _aDO-SdBNP
_bspa
_cBNPHU
082 _axxx
_bB363
100 1 _aBazil, Osvaldo,
_d1884-1946
_924638
245 1 0 _aCabezas de América /
_cOsvaldo Bazil.
260 _aLa Habana :
_b[s.n],
_c1933.
300 _a124 p. ;
_c21 cm.
999 _c32933
_d32933